00425 2200157 4500001002100000005001500021035002000036008004100056245005200097100003700149260003000186300000800216020002100224084001400245082000800259INLIS00000000000036820240319094828 a0010-1223000368240319 0 ind 1 aAnatomi Fisiologi Dasar-Dasar Anatomi Fisiologi aDrs. H. Kirmantoro & Ns. Maryana bPustaka Baru Press,c2017 a320 a978-602-6237-095 a612 KIR a a612